000 00590nam a22001817a 4500
999 _c19284
_d19284
003 AR-CdUCM
008 190517b ||||| |||| 00| 0 spa d
040 _aMUNICIPALIDAD PROVINCIAL DEL CUSCO
_cBIBLIOTECA MUNICIPAL DEL CUSCO
082 _a940 /
_bM63
100 _aMiro Quesada Laos, Calos
_940538
245 _aLo que he visto en Europa /
260 _aLima :
_bTorres Aguirre,
_c1940.
300 _a200 páginas ;
_c22 cm.
505 _aArtículo del mundo peruano -- Italia fascista -- Con el premier de Belgica...
650 _aEuropa.
_91221
942 _2ddc
_cLIBROS
945 _awfj